00914cam a22002651 4500001001300000003000400013005001700017007001500034008004100049010001700090035001900107040001600126042001200142050001700154100004900171245011200220260006200332300001800394500001700412530006900429651003500498710004700533856005100580999001700631rc 01002205 DLC20260227111905.0cr_|||||||||||800910s1876 ohu 000 0 eng  arc 01002205  a(OCoLC)6694813 aDLCcOdDLC apremarc00aF497.L86bB71 aBoynton, W. W.q(Washington Wallace),d1833-14aThe early history of Lorain County.bAn addresscby W. W. Boynton, delivered July 4, 1876, at Elyria, Ohio. aElyria, Ohio,bLorain County Agricultural Societyc[1876] a35 p.c25 cm. aCover title. aAlso available in digital form on the Internet Archive Web site. 0aLorain County (Ohio)xHistory.2 aLorain County (Ohio) Agricultural Society.41uhttp://hdl.loc.gov/loc.gdc/scd0001.00145744052 c52262d52262